Sports Quiz

Random Sports or Numbers Quiz

Toronto Maple Leafs Jersey Numbers 09-10 Quiz Stats

 Plays Quiz not verified by Sporcle

Score 0/29 Timer 05:00
0 Plays Today
Number Player % Correct
2Luke Schenn
93.7%
81Phil Kessel
69.7%
84Mikhail Grabovski
68.3%
15Tomas Kaberle
67%
8Michael Komisarek
59.7%
28Colton Orr
59.7%
4Jeff Finger
58.4%
7Ian White
58.4%
35Vesa Toskala
58.4%
14Matt Stajan
57%
42Tyler Bozak
56.1%
3Garnet Exelby
54.8%
41Nikolai Kulemin
54.3%
50Jonas Gustavsson
52.9%
9Niklas Hagman
50.2%
Number Player % Correct
55Jason Blake
48.4%
45Viktor Stalberg
45.7%
22Francois Beauchemin
44.3%
23Alexei Ponikarovsky
44.3%
39John Mitchell
43%
51Rickard Wallin
41.6%
20Christian Hanson
36.7%
21Jamal Mayers
36.7%
36Carl Gunnarsson
36.2%
12Lee Stempniak
33.9%
18Wayne Primeau
33.9%
38Jay Rosehill
28.1%
11Jiri Tlusty
22.6%
29Joey MacDonald
22.6%

You're not logged in!

Compare scores with friends on all Sporcle quizzes.
OR
Log In

Show Comments

Extras

Top Quizzes Today


Score Distribution

Your Account Isn't Verified!

In order to create a playlist on Sporcle, you need to verify the email address you used during registration. Go to your Sporcle Settings to finish the process.

Report this User

Report this user for behavior that violates our Community Guidelines.

Details: